000 00485nam a2200241Ia 4500
001 067588
003 YMCAF
005 20230512160440.0
008 100717s1979 ||||||||||||||||| ||und|d
020 _a-
024 _a67588
035 _a7051
040 _aYMCAF
_beng
_cIN-KoLT
041 _aeng
100 _aROTIATGI, P K
245 0 _aTECHNOLOGICAL FORECASTING
250 _a-
260 _bTMH
_c1979
300 _a319
653 _a-
653 _a-
942 _2ddc
_cBK
999 _c4544
_d4544